| 000 | 01034nam a22002057a 4500 | ||
|---|---|---|---|
| 003 | OSt | ||
| 005 | 20260511130543.0 | ||
| 008 | 260511b |||||||| |||| 00| 0 eng d | ||
| 020 | _a9781787334687 | ||
| 040 | _aKenya National Library Service | ||
| 082 | _a823.92 IVO | ||
| 100 |
_aIvory, Rebecca _eauthor. |
||
| 245 |
_aFree Therapy / _cRebecca Ivory |
||
| 300 |
_a198 pages ; _c23 cm. |
||
| 520 | _aFree Therapy heralds the arrival of a dazzling new voice in the vanguard of contemporary writing. Two teenage girls enter a destructive competition with one another, fixated on each other's bodies; a woman's encounter with her ex forces her to reflect on the women's group that saved her from the relationship; a couple's future is questioned after the damp expert they hired for their bathroom offers them free counselling, an older man's buried grief emerges during an altercation with a mother | ||
| 650 | _aRomance -Fiction. | ||
| 942 |
_2ddc _cBK _n0 |
||
| 999 |
_c492667 _d492667 |
||